[Event "Rated Blitz game"]
[Site "?"]
[Date "2021.11.01"]
[Round "?"]
[White "Vilvaucha"]
[Black "Annali-annaliew1979"]
[Result "1-0"]
[WhiteElo "2553"]
[BlackElo "2487"]
[PlyCount "81"]
[EventDate "2021.??.??"]
[EventType "blitz"]

1. e4 e5 2. Nf3 d5 3. Nxe5 Qe7 4. d4 f6 5. Nd3 Nc6 6. c3 Bf5 7. Be2 Bxe4 8. O-O
Qf7 9. Nd2 Bf5 10. Nb3 Bd6 11. Nbc5 Rb8 12. Qa4 Nge7 13. Bf4 Bxd3 14. Nxd3 Bxf4
15. Nxf4 O-O 16. Bf3 Rfd8 17. Rfe1 Ng6 18. Ne6 Rd6 19. Nc5 Nh4 20. Re3 Re8 21.
Qd1 Rxe3 22. fxe3 b6 23. Nd3 Ne7 24. e4 Nxf3+ 25. Qxf3 c6 26. e5 fxe5 27. Qxf7+
Kxf7 28. Nxe5+ Kg8 29. a4 a5 30. Ra3 b5 31. axb5 cxb5 32. Rxa5 b4 33. cxb4 h6
34. Ra8+ Kh7 35. Rh8+ Kxh8 36. Nf7+ Kg8 37. Nxd6 Nc6 38. b5 Nxd4 39. b6 Ne2+
40. Kf2 Nf4 41. b7 {Normal} 1-0

[Event "Rated Blitz game"]
[Site "?"]
[Date "2021.11.01"]
[Round "?"]
[White "Mr_FlagPunisher"]
[Black "Fantastic_power06"]
[Result "0-1"]
[WhiteElo "2650"]
[BlackElo "2783"]
[PlyCount "60"]
[EventDate "2021.??.??"]
[EventType "blitz"]

1. e4 e5 2. Nf3 d5 3. exd5 e4 4. Qe2 Nf6 5. Nc3 Be7 6. Nxe4 O-O 7. Nxf6+ Bxf6
8. d4 Re8 9. Be3 Qxd5 10. Qd2 Bg4 11. Be2 c5 12. dxc5 Qxd2+ 13. Kxd2 Bxb2 14.
Rab1 Bf6 15. Rxb7 Nc6 16. Rhb1 Rad8+ 17. Ke1 Bf5 18. Bd3 Rxd3 19. cxd3 Bxd3 20.
Rc1 g5 21. h3 h5 22. Rb3 Ba6 23. Ra3 Bb5 24. Rb3 a6 25. g4 hxg4 26. hxg4 Re4
27. Nh2 Be5 28. Nf3 Bc7 29. Nxg5 Rxg4 30. Rd1 Ba5+ {Normal} 0-1

[Event "Rated Blitz game"]
[Site "?"]
[Date "2021.11.01"]
[Round "?"]
[White "EnemyNoOne"]
[Black "khalid_ontawar"]
[Result "1/2-1/2"]
[WhiteElo "2484"]
[BlackElo "2493"]
[PlyCount "120"]
[EventDate "2021.??.??"]
[EventType "blitz"]

1. e4 e5 2. Nf3 d5 3. Nxe5 Qe7 4. Nd3 dxe4 5. Nf4 Nc6 6. Nd5 Qd8 7. Nbc3 Nf6 8.
Nxf6+ gxf6 9. Nxe4 f5 10. Nc3 Be6 11. Bb5 Qd7 12. Qf3 O-O-O 13. Bxc6 bxc6 14.
d3 Bb4 15. Bd2 Bd5 16. Nxd5 Bxd2+ 17. Kxd2 cxd5 18. Rhe1 Rhg8 19. g3 Rg6 20.
Re5 Re6 21. Qxf5 Rxe5 22. Qxe5 Re8 23. Qf6 Qg4 24. Re1 Rxe1 25. Kxe1 Qb4+ 26.
Qc3 Qd6 27. Qd4 c5 28. Qg4+ Kd8 29. Qg5+ Ke8 30. Qe3+ Kf8 31. Kd2 d4 32. Qf4
Qe6 33. Qb8+ Kg7 34. Qxa7 Qh6+ 35. Ke2 Qh5+ 36. Ke1 Qxh2 37. Qxc5 Qh1+ 38. Kd2
Qb1 39. Qxd4+ f6 40. a4 Qa2 41. b3 h5 42. Qd7+ Kg6 43. Qe8+ Kh6 44. Qf8+ Kg6
45. Qg8+ Kh6 46. Qe6 Kg6 47. Qg8+ Kh6 48. Qh8+ Kg6 49. f4 Qa1 50. f5+ Kxf5 51.
Qxh5+ Ke6 52. Qe8+ Kf5 53. Qe4+ Kg5 54. Qf4+ Kg6 55. g4 Qg1 56. Qf5+ Kg7 57.
Qd7+ Kh6 58. Qf5 Kg7 59. Kc3 Qa1+ 60. Kd2 Qg1 {Normal} 1/2-1/2

[Event "Rated Blitz game"]
[Site "?"]
[Date "2021.11.01"]
[Round "?"]
[White "GMluismata"]
[Black "Annali-annaliew1979"]
[Result "0-1"]
[WhiteElo "2347"]
[BlackElo "2481"]
[PlyCount "116"]
[EventDate "2021.??.??"]
[EventType "blitz"]

1. e4 e5 2. Nf3 d5 3. exd5 e4 4. Qe2 f5 5. d3 Nf6 6. dxe4 fxe4 7. Nc3 Be7 8.
Nxe4 Nxe4 9. Qxe4 O-O 10. Bc4 Bb4+ 11. c3 Re8 12. Qxe8+ Qxe8+ 13. Kd1 Bd6 14.
Re1 Qh5 15. h3 Bxh3 16. gxh3 Qxf3+ 17. Be2 Qxd5+ 18. Kc2 Qe4+ 19. Kb3 Kh8 20.
Be3 Nc6 21. a4 Qd5+ 22. Kc2 Na5 23. Bd4 c5 24. Be3 Rd8 25. Rad1 Qb3+ 26. Kb1 h6
27. Bxc5 Qe6 28. Bg4 Qxe1 29. Rxe1 Bxc5 30. f3 Bb6 31. h4 Nc4 32. h5 Ne3 33.
Be6 Rd1+ 34. Rxd1 Nxd1 35. b4 a5 36. Kc2 Ne3+ 37. Kd3 Ng2 38. Ke4 Bc7 39. Bd5
b6 40. Bf7 Nf4 41. Kd4 Bd6 42. Kc4 axb4 43. cxb4 g5 44. Kb5 Bc7 45. Kc6 Bd8 46.
Kd7 Bf6 47. Kc6 Bd4 48. b5 Kg7 49. Bc4 Nxh5 50. Kd5 Bf2 51. Be2 Be1 52. Bd1
Nf4+ 53. Kc6 Ba5 54. Kd6 Kf6 55. Kd7 h5 56. Ke8 h4 57. Kf8 h3 58. Kg8 h2 {
Normal} 0-1

[Event "Rated Blitz game"]
[Site "?"]
[Date "2021.11.01"]
[Round "?"]
[White "ramoncmg"]
[Black "Benny_Watts_2005"]
[Result "1-0"]
[WhiteElo "2565"]
[BlackElo "2396"]
[PlyCount "31"]
[EventDate "2021.??.??"]
[EventType "blitz"]

1. e4 e5 2. Nf3 d5 3. exd5 e4 4. Qe2 Nf6 5. d3 Qxd5 6. Nbd2 Nc6 7. Nxe4 Be6 8.
Nxf6+ gxf6 9. Be3 O-O-O 10. c4 Qf5 11. O-O-O Nb4 12. a3 Na2+ 13. Kb1 Bxc4 14.
Nd4 Rxd4 15. Bxd4 Bb3 16. Qe8# {Normal} 1-0

[Event "Rated Blitz tournament DvfsiNOx"]
[Site "?"]
[Date "2021.11.01"]
[Round "?"]
[White "Albifen-Parapat"]
[Black "darma_aji01"]
[Result "0-1"]
[WhiteElo "2260"]
[BlackElo "2403"]
[PlyCount "70"]
[EventDate "2021.??.??"]
[EventType "blitz"]

1. e4 e5 2. Nf3 d5 3. exd5 e4 4. Qe2 Nf6 5. Nc3 Bf5 6. Nd4 Bg6 7. Qb5+ Nbd7 8.
Qxb7 Rb8 9. Qxa7 Bc5 10. Nc6 Bxa7 11. Nxd8 Rxd8 12. Bc4 O-O 13. O-O Nb6 14. Bb3
Nbxd5 15. Bxd5 Nxd5 16. Re1 Nxc3 17. dxc3 f5 18. b4 f4 19. a4 Rfe8 20. g3 e3
21. fxe3 fxe3 22. c4 Bd4 23. Ra3 e2+ 24. Kg2 Be4+ 25. Kh3 Bb7 26. Bf4 c5 27. c3
Bf2 28. Raa1 Bxe1 29. Rxe1 Rd1 30. Rxe2 Rxe2 31. bxc5 h5 32. a5 Kf7 33. a6 Bxa6
34. c6 Kg6 35. c5 Bc8+ {Normal} 0-1

[Event "Rated Blitz game"]
[Site "?"]
[Date "2021.11.01"]
[Round "?"]
[White "CoyoteMeister"]
[Black "Annali-annaliew1979"]
[Result "0-1"]
[WhiteElo "2338"]
[BlackElo "2496"]
[PlyCount "54"]
[EventDate "2021.??.??"]
[EventType "blitz"]

1. e4 e5 2. Nf3 d5 3. d4 dxe4 4. Nxe5 Bd6 5. Nc4 Nf6 6. Be2 h6 7. Nbd2 O-O 8.
Ne3 Nc6 9. c3 Ne7 10. Qc2 Nf5 11. Nxe4 Nxe3 12. Nxf6+ Qxf6 13. Bxe3 Bf5 14. Bd3
Bg4 15. O-O Rae8 16. c4 c6 17. c5 Bc7 18. Rfe1 Qh4 19. g3 Qh5 20. Bf1 Bf3 21.
b4 f5 22. Bd2 f4 23. Rxe8 Rxe8 24. Re1 Rf8 25. Qd3 fxg3 26. fxg3 Bxg3 27. hxg3
Qh1+ {Normal} 0-1

[Event "Rated Blitz game"]
[Site "?"]
[Date "2021.11.01"]
[Round "?"]
[White "lecitronvert"]
[Black "Annali-annaliew1979"]
[Result "0-1"]
[WhiteElo "2521"]
[BlackElo "2486"]
[PlyCount "136"]
[EventDate "2021.??.??"]
[EventType "blitz"]

1. e4 e5 2. Nf3 d5 3. Nxe5 Qe7 4. d4 f6 5. Nd3 Nc6 6. c3 Bf5 7. Be2 Bxe4 8. O-O
Qf7 9. Nd2 Bf5 10. Nb3 Bxd3 11. Bxd3 Bd6 12. Re1+ Nge7 13. Nc5 Bxc5 14. dxc5
O-O 15. b4 a6 16. Bf4 Ng6 17. Bg3 Nge5 18. Bf1 Rad8 19. f4 Nc4 20. a4 Rfe8 21.
b5 N6a5 22. Rb1 c6 23. bxa6 bxa6 24. Qd4 Na3 25. Rbc1 Nb3 26. Qb4 Nxc1 27. Qxa3
Rxe1 28. Bxe1 Re8 29. Qxc1 Qe7 30. Bf2 Qe4 31. Qa3 a5 32. g3 Qf3 33. Qb2 Qd1
34. Qb7 Qxa4 35. Qd7 Kf8 36. Qd6+ Kf7 37. f5 Re7 38. Qd8 Qe4 39. Qxa5 Qxf5 40.
Qb6 Re6 41. Qc7+ Kg6 42. Qa7 Re5 43. Qa6 Qe6 44. Bd3+ f5 45. g4 Re1+ 46. Kg2
Re4 47. Bxe4 Qxe4+ 48. Kf1 Qh1+ 49. Ke2 Qe4+ 50. Kf1 Qxg4 51. Qxc6+ Kh5 52.
Qxd5 Qh3+ 53. Ke1 Qxc3+ 54. Kf1 g6 55. Kg1 Qc1+ 56. Kg2 Qg5+ 57. Kh1 Qg4 58.
Bg1 g5 59. c6 f4 60. Qf7+ Kh4 61. Qxh7+ Qh5 62. Qxh5+ Kxh5 63. c7 f3 64. c8=Q
g4 65. Qh8+ Kg5 66. Be3+ Kf5 67. Kg1 Ke4 68. Kf2 g3+ {Time forfeit} 0-1

[Event "Rated Blitz game"]
[Site "?"]
[Date "2021.11.01"]
[Round "?"]
[White "MaximusCossetti"]
[Black "Fantastic_power06"]
[Result "0-1"]
[WhiteElo "2522"]
[BlackElo "2779"]
[PlyCount "50"]
[EventDate "2021.??.??"]
[EventType "blitz"]

1. e4 e5 2. Nf3 d5 3. Nxe5 Bd6 4. d4 dxe4 5. Nc3 Bxe5 6. dxe5 Qxd1+ 7. Kxd1 Nc6
8. Bb5 Bd7 9. Bf4 O-O-O 10. Ke1 Nge7 11. Nxe4 Nd4 12. Bd3 Ng6 13. Bg3 Rhe8 14.
c3 Nf5 15. Rd1 Nxg3 16. hxg3 Nxe5 17. Bc2 h6 18. f3 f5 19. Nd2 Ng4+ 20. Kf1
Ne3+ 21. Kf2 Nxc2 22. Nc4 Be6 23. Ne5 Bxa2 24. f4 Bb3 25. Rhe1 Nxe1 {Normal}
0-1

[Event "Rated Blitz game"]
[Site "?"]
[Date "2021.11.01"]
[Round "?"]
[White "riserman"]
[Black "falejos"]
[Result "1-0"]
[WhiteElo "2486"]
[BlackElo "2308"]
[PlyCount "63"]
[EventDate "2021.??.??"]
[EventType "blitz"]

1. e4 e5 2. Nf3 d5 3. exd5 e4 4. Qe2 Qe7 5. Nd4 Nf6 6. Nc3 a6 7. f3 Qe5 8. Nb3
Bb4 9. Nxe4 O-O 10. c3 Be7 11. d4 Qxd5 12. Qc4 Be6 13. Qxd5 Bxd5 14. Bd3 Nbd7
15. O-O Bxb3 16. axb3 Nd5 17. b4 h6 18. Nc5 Nxc5 19. bxc5 Bf6 20. Bd2 c6 21.
Rfe1 Rfe8 22. g3 Kf8 23. Kf2 Rxe1 24. Rxe1 Re8 25. Rxe8+ Kxe8 26. Be4 Kd7 27.
Ke2 Be7 28. Kd3 Nf6 29. Bf5+ Kd8 30. c4 g6 31. Ba5+ Ke8 32. Bc8 {Time forfeit}
1-0

[Event "Rated Blitz game"]
[Site "?"]
[Date "2021.11.01"]
[Round "?"]
[White "pansachista"]
[Black "alaeldin1212"]
[Result "1-0"]
[WhiteElo "2439"]
[BlackElo "2376"]
[PlyCount "77"]
[EventDate "2021.??.??"]
[EventType "blitz"]

1. e4 e5 2. Nf3 d5 3. Nxe5 Bd6 4. d4 dxe4 5. Bf4 Ne7 6. Bc4 O-O 7. O-O Nbc6 8.
Nxc6 Nxc6 9. Bxd6 Qxd6 10. c3 Be6 11. Nd2 Bf5 12. Re1 Rfe8 13. Qh5 Bg6 14. Qd5
Qf4 15. Re3 Rad8 16. Qb5 Re7 17. Rae1 h6 18. Qxb7 Ne5 19. h3 Nxc4 20. Nxc4 Qg5
21. Qxa7 f5 22. Qc5 f4 23. Qxg5 hxg5 24. R3e2 c5 25. dxc5 Rd5 26. b4 Rd3 27.
Nd6 Rxc3 28. Nxe4 Bxe4 29. Rxe4 Ra7 30. Ra1 Raa3 31. Re5 Rc2 32. Rxg5 Raxa2 33.
Rxa2 Rxa2 34. b5 Rb2 35. b6 Kf7 36. Rf5+ Ke6 37. Rxf4 g5 38. Rg4 Kf5 39. Rc4 {
Normal} 1-0

[Event "Rated Blitz game"]
[Site "?"]
[Date "2021.10.31"]
[Round "?"]
[White "liverpool2021"]
[Black "alaeldin1212"]
[Result "1-0"]
[WhiteElo "2407"]
[BlackElo "2380"]
[PlyCount "65"]
[EventDate "2021.??.??"]
[EventType "blitz"]

1. e4 e5 2. Nf3 d5 3. exd5 e4 4. Qe2 Nf6 5. d3 Qxd5 6. dxe4 Qxe4 7. Nc3 Bb4 8.
Bd2 Qxe2+ 9. Bxe2 O-O 10. O-O-O Nc6 11. Nb5 Bxd2+ 12. Nxd2 Bf5 13. Bc4 Rac8 14.
Nf3 Ng4 15. Rd2 Bg6 16. h3 Nge5 17. Nxe5 Nxe5 18. Bb3 a6 19. Nc3 c6 20. f4 Nd3+
21. cxd3 b5 22. a4 Rfd8 23. Bc2 b4 24. Ne4 f5 25. Nc5 a5 26. Re1 Bf7 27. Bb3
Bd5 28. Bc4 Re8 29. Rde2 Kf7 30. Rxe8 Rxe8 31. Bxd5+ cxd5 32. Rxe8 Kxe8 33. Nb3
{Normal} 1-0

[Event "Rated Blitz game"]
[Site "?"]
[Date "2021.10.31"]
[Round "?"]
[White "VictorAntonBologan"]
[Black "Fantastic_power06"]
[Result "1-0"]
[WhiteElo "2728"]
[BlackElo "2794"]
[PlyCount "151"]
[EventDate "2021.??.??"]
[EventType "blitz"]

1. e4 e5 2. Nf3 d5 3. Nxe5 Bd6 4. d4 dxe4 5. Bc4 Bxe5 6. Qh5 Qe7 7. Qxe5 Qxe5
8. dxe5 Nc6 9. Bf4 Bf5 10. Nc3 Nge7 11. O-O-O Rd8 12. Nb5 O-O 13. Nxc7 Rc8 14.
Nd5 Ng6 15. Bg3 Rfe8 16. Bb5 Ngxe5 17. Rhe1 a6 18. Bxc6 Nxc6 19. Nb6 Rcd8 20.
Nc4 Bg6 21. Nd6 Re7 22. Rd2 f5 23. Bh4 Rdd7 24. Bxe7 Rxe7 25. f4 h6 26. Rd5 Nb4
27. Rd4 Nc6 28. Rd2 Kh7 29. b3 b5 30. Kb2 Re6 31. Re3 Ne7 32. c4 bxc4 33. Nxc4
Ng8 34. Rd6 Re8 35. Rxa6 Nf6 36. g3 Nd5 37. Rd6 Nxe3 38. Nxe3 h5 39. h4 Rb8 40.
Rd5 Re8 41. a4 Rb8 42. Nxf5 Bf7 43. Rb5 Rd8 44. Rb7 Bd5 45. Re7 Kh8 46. Ne3 Bg8
47. Rxe4 Rd3 48. Nc4 Rxg3 49. a5 Rg6 50. Ne5 Rg3 51. Rb4 Rg2+ 52. Ka3 Rg1 53.
Rb8 Kh7 54. Nf3 Ra1+ 55. Kb4 Bd5 56. Ng5+ Kg6 57. Rf8 Rf1 58. a6 Bg2 59. a7 Bb7
60. Kc5 Bg2 61. b4 Rc1+ 62. Kb5 Rf1 63. f5+ Rxf5+ 64. Rxf5 Kxf5 65. Ka6 Ba8 66.
b5 Kg4 67. b6 Bd5 68. b7 Bc4+ 69. Kb6 Kxh4 70. a8=Q Kg4 71. Qf8 Kg3 72. Qxg7
Kh2 73. b8=Q+ Kh1 74. Qg3 Be2 75. Nh3 Bg4 76. Qg1# {Normal} 1-0

[Event "Rated Blitz game"]
[Site "?"]
[Date "2021.10.31"]
[Round "?"]
[White "ghadanfar"]
[Black "RCompany_1"]
[Result "0-1"]
[WhiteElo "2475"]
[BlackElo "2426"]
[PlyCount "44"]
[EventDate "2021.??.??"]
[EventType "blitz"]

1. e4 e5 2. Nf3 d5 3. exd5 e4 4. Qe2 Nf6 5. d3 Qxd5 6. Nfd2 Be6 7. dxe4 Qd7 8.
Nc3 Nc6 9. Nb3 Bb4 10. Bd2 O-O 11. O-O-O Qe7 12. f3 a5 13. a3 a4 14. Na1 Bxa3
15. bxa3 Qxa3+ 16. Kb1 Ra6 17. Nb5 Rb6 18. c4 Rxb5+ 19. cxb5 Qa2+ 20. Kc1 Qxa1+
21. Kc2 Bb3+ 22. Kd3 Qd4# {Normal} 0-1

[Event "Rated Blitz game"]
[Site "?"]
[Date "2021.10.31"]
[Round "?"]
[White "Schneeflocke17"]
[Black "GrandeGila"]
[Result "0-1"]
[WhiteElo "2434"]
[BlackElo "2520"]
[PlyCount "62"]
[EventDate "2021.??.??"]
[EventType "blitz"]

1. e4 e5 2. Nf3 d5 3. exd5 e4 4. Qe2 Nf6 5. Nc3 Be7 6. Nxe4 Nxd5 7. Qd1 O-O 8.
Be2 Re8 9. d3 f5 10. Nc3 Bb4 11. Bd2 Bxc3 12. bxc3 Qe7 13. c4 Nf6 14. Bc3 Nc6
15. Qd2 Bd7 16. Kf1 Rad8 17. Re1 Ng4 18. h3 Nge5 19. Nxe5 Nxe5 20. Qc1 Qf7 21.
Qb2 Ng6 22. Bf3 Rxe1+ 23. Kxe1 Bc6 24. Bxc6 bxc6 25. Kd1 Nf4 26. g3 Qh5+ 27.
Kc1 Nxh3 28. Bxg7 Qg5+ 29. Kb1 Nxf2 30. Bf6 Qxg3 31. Re1 Nxd3 {Normal} 0-1

[Event "Rated Blitz game"]
[Site "?"]
[Date "2021.10.31"]
[Round "?"]
[White "Tiger1958"]
[Black "Benny_Watts_2005"]
[Result "1-0"]
[WhiteElo "2429"]
[BlackElo "2419"]
[PlyCount "51"]
[EventDate "2021.??.??"]
[EventType "blitz"]

1. e4 e5 2. Nf3 d5 3. d3 dxe4 4. dxe4 Qxd1+ 5. Kxd1 Nc6 6. c3 Bd7 7. Kc2 O-O-O
8. Ng5 Nh6 9. Bc4 f6 10. Ne6 Bxe6 11. Bxe6+ Kb8 12. Bxh6 gxh6 13. Nd2 h5 14.
Rad1 Bh6 15. Nb3 b6 16. f3 Ne7 17. g3 Ng6 18. Nc1 h4 19. Nd3 c5 20. b4 cxb4 21.
Nxb4 Rxd1 22. Rxd1 Re8 23. Bf7 Rc8 24. Rd7 hxg3 25. Na6+ Ka8 26. Bd5+ {Normal}
1-0

[Event "Rated Blitz game"]
[Site "?"]
[Date "2021.10.31"]
[Round "?"]
[White "Yiyi1984"]
[Black "Fantastic_power06"]
[Result "1-0"]
[WhiteElo "2759"]
[BlackElo "2800"]
[PlyCount "171"]
[EventDate "2021.??.??"]
[EventType "blitz"]

1. e4 e5 2. Nf3 d5 3. Nxe5 Bd6 4. d4 dxe4 5. Nc4 Nc6 6. Nc3 Bf5 7. d5 Ne5 8.
Nxe5 Bxe5 9. Bb5+ Kf8 10. O-O Nf6 11. Be2 h5 12. h3 Ng4 13. hxg4 Bh2+ 14. Kh1
hxg4 15. Bxg4 Qh4 16. Bxf5 g5 17. Bh3 Be5 18. Bxg5 Qxg5 19. Nxe4 Qf5 20. Qd3
Rh4 21. Rae1 Rd8 22. Kg1 Qh5 23. Re3 Rxd5 24. Qe2 Qh6 25. Nc3 Bxc3 26. bxc3 Rg5
27. Rg3 Kg7 28. Qe3 Rxg3 29. Qxh6+ Kxh6 30. fxg3 Rc4 31. Rf3 Kg7 32. Kf2 Ra4
33. Rd3 Rxa2 34. Rd2 a5 35. Bf5 a4 36. Rd7 a3 37. Rxc7 Rb2 38. Rc8 Rb5 39. Be6
fxe6 40. Ra8 Rb2 41. Rxa3 Rxc2+ 42. Kf3 Kf6 43. Rb3 b5 44. g4 e5 45. g3 Ke6 46.
g5 Kf5 47. g6 Kxg6 48. Ke4 Kf6 49. Rxb5 Rxc3 50. g4 Rc4+ 51. Kf3 Rf4+ 52. Kg3
Ke6 53. Rb6+ Kd5 54. Rg6 Rf1 55. g5 Rf8 56. Rg7 Rg8 57. Rxg8 Ke6 58. Re8+ Kf7
59. Rxe5 Kg6 60. Kf4 Kf7 61. Rf5+ Kg7 62. Kg4 Kg6 63. Re5 Kh7 64. Kh5 Kg7 65.
Re7+ Kf8 66. Kg6 Kxe7 67. Kh7 Ke6 68. g6 Kf5 69. g7 Kf6 70. g8=Q Ke7 71. Qg7+
Kd6 72. Qg6+ Kc5 73. Kh6 Kb4 74. Kg5 Ka4 75. Qf5 Kb3 76. Qf4 Ka2 77. Kg4 Kb3
78. Kf3 Kc2 79. Qe4+ Kb3 80. Qe5 Ka2 81. Qd6 Kb2 82. Qc7 Ka1 83. Qb8 Ka2 84.
Ke3 Ka3 85. Kd3 Ka4 86. Kc3 {Time forfeit} 1-0

[Event "Rated Blitz game"]
[Site "?"]
[Date "2021.10.31"]
[Round "?"]
[White "Culapio"]
[Black "khalid_ontawar"]
[Result "0-1"]
[WhiteElo "2432"]
[BlackElo "2485"]
[PlyCount "94"]
[EventDate "2021.??.??"]
[EventType "blitz"]

1. e4 e5 2. Nf3 d5 3. exd5 Qxd5 4. Nc3 Qe6 5. Bb5+ c6 6. Ba4 Bd6 7. Bb3 Qg6 8.
O-O Bg4 9. d3 Nf6 10. Kh1 O-O 11. Re1 Nbd7 12. h3 Qh5 13. Ne4 Nxe4 14. dxe4 Bc5
15. Be3 Rad8 16. Qe2 Bxe3 17. Qxe3 Bxf3 18. Qxf3 Qxf3 19. gxf3 Nc5 20. Red1 g6
21. c3 Nd3 22. Rd2 Nf4 23. Rad1 Rc8 24. Rd7 c5 25. Bd5 Nxh3 26. Kg2 Nf4+ 27.
Kg3 b6 28. Rxa7 Nh5+ 29. Kh2 Kg7 30. a4 Nf4 31. Bc4 Rcd8 32. Rxf7+ Rxf7 33.
Rxd8 Ra7 34. Bb5 h5 35. Rb8 Rf7 36. Bc4 Rd7 37. Rxb6 Rd2 38. a5 Rxf2+ 39. Kg1
Rd2 40. a6 Rd1+ 41. Kf2 Ra1 42. Rb7+ Kh6 43. a7 Nh3+ 44. Ke2 Nf4+ 45. Kd2 h4
46. Re7 h3 47. Bd5 Nxd5 {Time forfeit} 0-1

[Event "Rated Blitz tournament nmlvIRQL"]
[Site "?"]
[Date "2021.10.31"]
[Round "?"]
[White "murkeza"]
[Black "Madjrs72"]
[Result "1-0"]
[WhiteElo "2395"]
[BlackElo "2403"]
[PlyCount "71"]
[EventDate "2021.??.??"]
[EventType "blitz"]

1. e4 e5 2. Nf3 d5 3. Nxe5 Bd6 4. d4 dxe4 5. Nc4 Nf6 6. Nxd6+ Qxd6 7. Nc3 O-O
8. Be2 Nc6 9. Be3 Bf5 10. O-O a6 11. f3 Rad8 12. fxe4 Bxe4 13. Rxf6 Qxf6 14.
Nxe4 Qe7 15. Bf3 Qb4 16. c3 Qxb2 17. Rb1 Qxa2 18. Rxb7 Rfe8 19. Bf2 Ne5 20. h3
Nxf3+ 21. Qxf3 Qd5 22. Nc5 Qa2 23. Rxc7 Rd6 24. Bh4 Qb1+ 25. Kh2 Qg6 26. Nd3 a5
27. Ne5 Qe6 28. Rxf7 a4 29. Be7 Rdd8 30. Bxd8 Rxd8 31. Qg3 g6 32. Qg5 Rd5 33.
Qh6 Qxf7 34. Nxf7 Kxf7 35. Qxh7+ Kf6 36. Qa7 {Normal} 1-0

[Event "Rated Rapid game"]
[Site "?"]
[Date "2021.10.31"]
[Round "?"]
[White "Chess-Run-06"]
[Black "dypany"]
[Result "1-0"]
[WhiteElo "2205"]
[BlackElo "2408"]
[PlyCount "43"]
[EventDate "2021.??.??"]
[EventType "rapid"]

1. e4 e5 2. Nf3 d5 3. exd5 e4 4. Qe2 Nf6 5. d3 Qxd5 6. Nc3 Bb4 7. Nd2 Bxc3 8.
bxc3 O-O 9. dxe4 Qe5 10. Bb2 Re8 11. O-O-O Qa5 12. Qb5 Qxa2 13. Bc4 c6 14. Qxb7
Qa1+ 15. Bxa1 Bxb7 16. Ba2 Nbd7 17. Nc4 Bc8 18. f3 Nf8 19. Na5 c5 20. Bb2 Ne6
21. Rd2 Rb8 22. Rhd1 {Normal} 1-0

[Event "Rated Blitz tournament GumcPqr4"]
[Site "?"]
[Date "2021.10.31"]
[Round "?"]
[White "Kudritsky_Maksim_04"]
[Black "Benny_Watts_2005"]
[Result "1-0"]
[WhiteElo "2536"]
[BlackElo "2422"]
[PlyCount "105"]
[EventDate "2021.??.??"]
[EventType "blitz"]

1. e4 e5 2. Nf3 d5 3. Nxe5 Bd6 4. d4 dxe4 5. Nc4 Nc6 6. Nc3 Bb4 7. d5 Nce7 8.
Ne3 Nf6 9. Bc4 O-O 10. O-O Nf5 11. Ne2 Bd6 12. Nxf5 Bxf5 13. Ng3 Bg4 14. Qd4
Re8 15. Be3 b6 16. c3 Qd7 17. a4 a5 18. Bb5 Qe7 19. Bxe8 Rxe8 20. Qd2 Qe5 21.
c4 h5 22. Bd4 Qe7 23. Qg5 Be5 24. Bxe5 Qxe5 25. Qxe5 Rxe5 26. h3 h4 27. hxg4
hxg3 28. f4 Re7 29. g5 Ng4 30. Rfe1 Nf2 31. Re3 Nd3 32. Rxg3 Nxf4 33. Re1 Kf8
34. Kf2 Nd3+ 35. Rxd3 exd3 36. Rxe7 Kxe7 37. Ke3 Kd6 38. Kxd3 Kc5 39. Kc3 f5
40. gxf6 gxf6 41. g4 c6 42. dxc6 Kxc6 43. Kd4 Kd6 44. c5+ bxc5+ 45. Kc4 Ke5 46.
Kxc5 Kf4 47. b4 axb4 48. Kxb4 Kxg4 49. a5 f5 50. a6 f4 51. a7 f3 52. a8=Q f2
53. Qg2+ {Normal} 1-0

[Event "Rated Blitz game"]
[Site "?"]
[Date "2021.10.31"]
[Round "?"]
[White "Tiger1958"]
[Black "DOOGE228"]
[Result "0-1"]
[WhiteElo "2426"]
[BlackElo "2448"]
[PlyCount "78"]
[EventDate "2021.??.??"]
[EventType "blitz"]

1. e4 e5 2. Nf3 d5 3. d4 dxe4 4. Nxe5 Bd6 5. f4 exf3 6. Qxf3 Bxe5 7. dxe5 Nc6
8. Bf4 Nge7 9. Bb5 O-O 10. Bxc6 Nxc6 11. O-O Qd4+ 12. Qf2 Qxb2 13. Nd2 Qxc2 14.
Nf3 Qxf2+ 15. Rxf2 Be6 16. Rb1 Rab8 17. Rfb2 Na5 18. Nd4 b6 19. Rc1 c5 20. Nb5
Rb7 21. Nd6 Rd7 22. h3 h6 23. a4 Rfd8 24. Rb5 Nc6 25. Rb2 f6 26. exf6 Rxd6 27.
Bxd6 Rxd6 28. fxg7 Kxg7 29. Kh2 Nd4 30. a5 Bd5 31. axb6 axb6 32. Rcb1 b5 33.
Rc1 Bc4 34. Ra1 Rg6 35. Ra7+ Kf6 36. Rc7 Rg5 37. h4 Rd5 38. g4 b4 39. Kg3 b3 {
Time forfeit} 0-1

[Event "Rated Blitz game"]
[Site "?"]
[Date "2021.10.31"]
[Round "?"]
[White "Taylanruzgar"]
[Black "JakobVangGlud"]
[Result "0-1"]
[WhiteElo "2532"]
[BlackElo "2699"]
[PlyCount "98"]
[EventDate "2021.??.??"]
[EventType "blitz"]

1. e4 e5 2. Nf3 d5 3. d4 dxe4 4. Nxe5 Nc6 5. Nxc6 bxc6 6. Nc3 Nf6 7. Bc4 Bf5 8.
O-O Bd6 9. h3 O-O 10. Re1 Re8 11. Bg5 h6 12. Bh4 g5 13. Bg3 Bxg3 14. fxg3 Qd6
15. g4 Bg6 16. Qd2 Nd5 17. Nd1 Nf4 18. Ne3 c5 19. Rad1 cxd4 20. Qxd4 Qxd4 21.
Rxd4 Rad8 22. Rxd8 Rxd8 23. g3 Nxh3+ 24. Kg2 Nf4+ 25. Kg1 Ne6 26. Bxe6 fxe6 27.
Rd1 Rd6 28. Kf2 Kf7 29. c4 h5 30. gxh5 Bxh5 31. Rxd6 cxd6 32. b4 Ke7 33. Nc2 d5
34. cxd5 exd5 35. Nd4 Be8 36. Ke3 Kd6 37. Ne2 Ke5 38. Nd4 Ba4 39. Ne2 Bb5 40.
Nd4 Bd7 41. Ne2 Kf5 42. Nd4+ Kg4 43. Ne2 Bb5 44. Nd4 Bc4 45. a4 Kxg3 46. b5 Kh3
47. a5 g4 48. b6 axb6 49. axb6 Ba6 {Time forfeit} 0-1

[Event "Rated Blitz game"]
[Site "?"]
[Date "2021.10.31"]
[Round "?"]
[White "MityshevS"]
[Black "khalid_ontawar"]
[Result "0-1"]
[WhiteElo "2438"]
[BlackElo "2484"]
[PlyCount "72"]
[EventDate "2021.??.??"]
[EventType "blitz"]

1. e4 e5 2. Nf3 d5 3. Nc3 dxe4 4. Nxe4 f5 5. Nc3 e4 6. Ne5 Be6 7. d4 Nf6 8. f3
Bd6 9. Bf4 Nbd7 10. Qd2 O-O 11. Nxd7 Qxd7 12. Bxd6 cxd6 13. O-O-O d5 14. h4 a6
15. h5 Rac8 16. h6 g6 17. Kb1 Rc6 18. Ne2 Rfc8 19. c3 b5 20. Nf4 Bf7 21. Be2
Qd6 22. g4 exf3 23. Bxf3 fxg4 24. Be2 Ne4 25. Qe3 Re8 26. Qc1 Nf2 27. Rhg1 Nxd1
28. Bxd1 Be6 29. Bxg4 Bxg4 30. Rxg4 Qf6 31. Rg1 Qf5+ 32. Ka1 Rc7 33. a3 Rf7 34.
Ng2 Qf2 35. Ka2 Re2 36. Qg5 Rxb2+ {Normal} 0-1

[Event "Rated Blitz tournament WyHadgJ0"]
[Site "?"]
[Date "2021.10.31"]
[Round "?"]
[White "stuffings"]
[Black "Lur15"]
[Result "1-0"]
[WhiteElo "2442"]
[BlackElo "2442"]
[PlyCount "131"]
[EventDate "2021.??.??"]
[EventType "blitz"]

1. e4 e5 2. Nf3 d5 3. Nxe5 Bd6 4. d4 dxe4 5. Nc4 Nf6 6. Nxd6+ Qxd6 7. Be2 Bf5
8. O-O Nc6 9. c3 Bg6 10. f3 O-O 11. Bg5 exf3 12. Bxf3 Ne4 13. Be3 Rfe8 14. Re1
Rad8 15. Nd2 Nxd2 16. Qxd2 Ne5 17. Be2 Nc6 18. Bf4 Qd7 19. Bc4 Ne7 20. Bg5 h6
21. Bh4 Kh7 22. Rf1 Nd5 23. Rf3 f6 24. Bg3 c6 25. Bb3 Be4 26. Bc2 Bxc2 27.
Qxc2+ Kg8 28. Bf2 b6 29. Rf1 Qg4 30. Rg3 Qe4 31. Qb3 Kh8 32. h3 Nf4 33. Rf3 Rd5
34. Qc4 Rg5 35. Bg3 Qe2 36. Qxe2 Nxe2+ 37. Kh2 Nxg3 38. Rxg3 Re2 39. Rxg5 hxg5
40. Rb1 Kg8 41. Kg3 Kf7 42. Kf3 Rc2 43. a4 Ke6 44. Re1+ Kd6 45. Re2 Rc1 46. Ke4
Ra1 47. Kf5 Rxa4 48. Kg6 Ra2 49. Kxg7 f5 50. Kg6 g4 51. Kxf5 gxh3 52. gxh3 a5
53. Kf4 a4 54. Kf3 a3 55. bxa3 Rxa3 56. Re3 Kd5 57. h4 Kc4 58. h5 Ra1 59. Kg4
Rg1+ 60. Kf5 b5 61. h6 b4 62. cxb4 Rh1 63. Kg6 Kxd4 64. Rg3 Kc4 65. Rg4+ Kd5
66. h7 {Normal} 1-0

[Event "Rated Blitz game"]
[Site "?"]
[Date "2021.10.31"]
[Round "?"]
[White "Lightlike"]
[Black "Fantastic_power06"]
[Result "1-0"]
[WhiteElo "2631"]
[BlackElo "2796"]
[PlyCount "67"]
[EventDate "2021.??.??"]
[EventType "blitz"]

1. e4 e5 2. Nf3 d5 3. Nxe5 Bd6 4. d4 dxe4 5. Nc4 Nc6 6. Nc3 Bf5 7. Be3 Nf6 8.
f3 Qe7 9. Nxd6+ cxd6 10. Qe2 exf3 11. gxf3 O-O 12. O-O-O Rfe8 13. Bg5 Qxe2 14.
Bxe2 Nd5 15. Nxd5 Rxe2 16. Rd2 Rae8 17. c3 Na5 18. Rxe2 Rxe2 19. Ne7+ Kf8 20.
Nxf5 Nc4 21. Be7+ Kg8 22. Bxd6 Nxb2 23. Kb1 Na4 24. Rc1 g6 25. Ne7+ Kg7 26. Nd5
Rf2 27. Be5+ Kg8 28. f4 Rxh2 29. Nf6+ Kf8 30. d5 Rd2 31. d6 Nb6 32. c4 h5 33.
c5 Na4 34. Rc4 {Normal} 1-0